000 00546nam a22001577a 4500
999 _c533472
_d533472
020 _qHard Cover.
082 _a624.1
100 _aKhan, Noor
245 _aStudy of Hydration Kinetics and Volume Stability in Self-Compacting Cementitious System using Granite Powders /
_cNoor Khan.
260 _aIslamabad:
_bSCEE - NUST,
_c2017.
300 _a49 p. :
_bill. ;
_c30cm.
942 _2ddc
_cTHE
650 _aStructural Engineering MS-Thesis.
_917039
700 _aDr. Syed Ali Rizwan
_927327